01145nam a2200241 a 450000100100000000500170001000800410002702000150006804000250008310000380010824501930014624600790033926000720041830000250049049000350051550000210055050000350057150400730060671000600067983000420073995201050078199900170088600004122820201002034722.0130926s1988 sp 001 0 spa d a8400069366 aDO-SdBNPbspacBNPHU1 aMoreno González, Antonio96780614aUna Ciencia en Cuarentena :bsobre la física en la universidad y otras instituciones académicas desde la Ilustración hasta la crisis finisecular del XIX /cAntonio Moreno González.14aUna Ciencia en Cuarentena :bla física académica en España 1750-1900 aMadrid :bConsejo Superior de Investigaciones Científicas,c1988. aIX, 561 p. ;c22 cm.1 aEstudios sobre la Ciencia ;v6 aIncluye índice aManual de física y química aIncluye referencias bibliográficas y notas al pie de las páginas2 aConsejo Superior de Investigaciones Científicas94786 0aEstudios sobre la Ciencia ;v6938739 001050718MOaGRbGRcCTd2013-09-26iLF1l0o p41228-10r2020-06-25w2020-06-25y1ZNo se presta c40718d40718